Segmentácia obrazov latentných odtlačkov prstov

Saved in:
Bibliographic Details
Main Author: Meliš, Lukáš (Author)
Other Authors: Marák, Pavol (Thesis advisor)
Format: Manuscript Book
Language:Slovak
Published: Bratislava : STU v Bratislave FEI, 2022
Subjects:
Online Access:https://opac.crzp.sk/?fn=detailBiblioFormChildO16L3M&sid=A3900C45A119566172F3F99915B9&seo=CRZP-detail-kniha
Tags: Add Tag
No Tags, Be the first to tag this record!

MARC

LEADER 00000ntm a22000003a 4500
001 stuzp88817
003 SK-STU
005 20230324134720.8
007 ta
008 150427s2015----xo-----f-mn---000-0-slo-d
040 |a STU  |b slo 
041 0 |a slo 
044 |a xo 
100 1 |a Meliš, Lukáš  |u 035000  |4 aut  |U FEI Fakulta elektrotechniky a informatiky  |T FEI Ústav informatiky a matematiky  |X 103050  |U E050  |Y 816  |7 103050 
242 0 1 |a Latent fingerprint image segmentation  |y eng 
245 1 0 |a Segmentácia obrazov latentných odtlačkov prstov 
260 |a Bratislava :  |b STU v Bratislave FEI,  |c 2022 
300 |a 49 s., príl. 
650 4 |a strojové učenie  |2 slo 
650 4 |a segmentácia obrazu  |2 slo 
650 4 |a latentné odtlačky  |2 slo 
650 4 |a image segmentation  |2 eng 
650 4 |a latent fingerprints  |2 eng 
650 4 |a machine learning  |2 eng 
700 1 |a Marák, Pavol  |u 035000  |k Z1  |4 ths  |U FEI Fakulta elektrotechniky a informatiky  |T FEI Ústav informatiky a matematiky  |X 50790  |U E050  |Y 816  |7 A000050790 
856 4 |u https://opac.crzp.sk/?fn=detailBiblioFormChildO16L3M&sid=A3900C45A119566172F3F99915B9&seo=CRZP-detail-kniha